[Event "La Fere op"]
[Site "La Fere"]
[Date "2010.07.07"]
[Round "6"]
[White "Husson, Cybele"]
[Black "Lorente, Philippe"]
[Result "1/2-1/2"]
[WhiteElo "2026"]
[BlackElo "1632"]
[PlyCount "50"]
[EventDate "2010.07.03"]
[EventType "swiss"]
[EventRounds "9"]
[EventCountry "FRA"]
[SourceTitle "CBM 137 Extra"]
[Source "ChessBase"]
[SourceDate "2010.09.01"]
[SourceVersion "1"]
[SourceVersionDate "2010.09.01"]
[SourceQuality "1"]

1. e4 c6 2. d4 d5 3. Nd2 dxe4 4. Nxe4 Bf5 5. Ng3 Bg6 6. h4 h6 7. h5 Bh7 8. Nf3 Nd7 9. Bd3 Bxd3 10. Qxd3 Ngf6 11. Bd2 e6 12. 0-0-0 Be7 13. Ne5 Nxe5 14. dxe5 Qxd3 15. cxd3 Ng4 16. Rhf1 Nxe5 17. Bc3 f6 18. Ne2 Kf7 19. Nf4 Bd6 20. Rde1 c5 21. Re2 Rhe8 22. Rfe1 b5 23. Kb1 a5 24. d4 cxd4 25. Bxd4 Ra6 1/2-1/2

[Event "La Fere op"]
[Site "La Fere"]
[Date "2010.07.06"]
[Round "5"]
[White "Lorente, Philippe"]
[Black "Debevere, Francois Xavier"]
[Result "1-0"]
[WhiteElo "1632"]
[BlackElo "1729"]
[PlyCount "73"]
[EventDate "2010.07.03"]
[EventType "swiss"]
[EventRounds "9"]
[EventCountry "FRA"]
[SourceTitle "CBM 137 Extra"]
[Source "ChessBase"]
[SourceDate "2010.09.01"]
[SourceVersion "1"]
[SourceVersionDate "2010.09.01"]
[SourceQuality "1"]

1. d4 d5 2. c4 e5 3. dxe5 d4 4. a3 Nc6 5. Nf3 Bg4 6. Nbd2 Nge7 7. h3 Bh5 8. Qb3 Na5 9. Qa4+ Nec6 10. b4 Bxf3 11. gxf3 d3 12. Bb2 Nxc4 13. Nxc4 Qd5 14. Nd2 0-0-0 15. Qb3 dxe2 16. Qxd5 exf1Q+ 17. Nxf1 Rxd5 18. Ne3 Rd8 19. Ke2 Nd4+ 20. Bxd4 Rxd4 21. Rhg1 g6 22. Rad1 Rxd1 23. Rxd1 Bg7 24. f4 Re8 25. Rd5 f6 26. Nc4 fxe5 27. fxe5 c6 28. Nd6+ Kd7 29. Nxe8+ Kxe8 30. Rd4 Ke7 31. f4 h6 32. h4 Bf8 33. Kf3 Ke6 34. Rd8 Be7 35. Rb8 b6 36. Rb7 Bxh4 37. Rh7 1-0

[Event "La Fere op"]
[Site "La Fere"]
[Date "2010.07.05"]
[Round "4"]
[White "Boudier, Eric"]
[Black "Lorente, Philippe"]
[Result "1-0"]
[WhiteElo "1858"]
[BlackElo "1632"]
[PlyCount "53"]
[EventDate "2010.07.03"]
[EventType "swiss"]
[EventRounds "9"]
[EventCountry "FRA"]
[SourceTitle "CBM 137 Extra"]
[Source "ChessBase"]
[SourceDate "2010.09.01"]
[SourceVersion "1"]
[SourceVersionDate "2010.09.01"]
[SourceQuality "1"]

1. Nc3 Nf6 2. e4 e5 3. f4 d6 4. Nf3 Bg4 5. h3 Bxf3 6. Qxf3 Nbd7 7. Bc4 exf4 8. d4 d5 9. exd5 Qe7+ 10. Kf2 Qb4 11. Re1+ Kd8 12. Qd3 Nb6 13. Bb3 a6 14. a3 Qa5 15. Ne4 Nxe4+ 16. Rxe4 Qb5 17. c4 Qd7 18. c5 Be7 19. cxb6 Bh4+ 20. Kf1 cxb6 21. Bxf4 g5 22. Bg3 Qf5+ 23. Kg1 Bxg3 24. Re8+ Rxe8 25. Qxf5 Re3 26. Qxg5+ Kc7 27. Qxe3 1-0